| 000 | 01124nam a2200265 a 4500 | ||
|---|---|---|---|
| 001 | 000038090 | ||
| 005 | 20250122110933.0 | ||
| 008 | 130313s2008 dr a 000 0dspa d | ||
| 020 | _z9789945061914 | ||
| 040 |
_aDO-SdBNP _bspa _cBNPHU |
||
| 082 |
_a972.93 _bB622b, 2008 |
||
| 100 |
_aBisonó Haza, Víctor O., _d1963- _955852 |
||
| 245 | 1 | 4 |
_aLas bases de la nación fuente de virtudes ciudadanas / _cVíctor Orlando Bisonó Haza. |
| 250 | _a3ª ed. | ||
| 260 |
_aSanto Domingo : _bSeguros Pepín , _c2008. |
||
| 300 |
_a181 p. : _bil. ; _c21 cm. |
||
| 504 | _aBibliografía: p. 181-182 | ||
| 505 | 0 |
_gPrólogo / _rJuan Sully Bonelly -- _tSímbolos patrios -- _tLos padres de la patria -- _tLa Constitución -- _tLos restauradores -- _tIdearios -- _tMás muestras de patriotismo -- _tConclusiones -- _gAnexos -- _gBibliografía. |
|
| 650 | 4 |
_aIdentidad nacional _zRepública Dominicana _934479 |
|
| 650 | 4 |
_aNacionalismo y cultura _922911 |
|
| 651 | 4 |
_aRepública Dominicana _xCaracterísticas Nacionales _91720 |
|
| 651 | 4 |
_aRepública Dominicana _xHistoria _9170 |
|
| 910 | _aValidado. Control de calidad EMS | ||
| 049 | _aBNPD | ||
| 999 |
_c37580 _d37580 |
||